| 000 | 01268cam a22003014a 4500 | ||
|---|---|---|---|
| 999 |
_c232601 _d232601 |
||
| 001 | 12220158 | ||
| 003 | Nust | ||
| 005 | 20170221113755.0 | ||
| 008 | 001102s2001 nyu b 001 0 eng | ||
| 010 | _a 00053354 | ||
| 020 | _a9780099426929 | ||
| 040 |
_aDLC _cDLC _dDLC |
||
| 042 | _apcc | ||
| 050 | 0 | 0 |
_aQA76.9.M65 _bH56 2001 |
| 082 | 0 | 0 |
_a174.90904 _bHIM |
| 100 | 1 | _aHimanen, Pekka. | |
| 245 | 1 | 4 |
_aThe hacker ethic, and the spirit of the information age / _cPekka Himanen. |
| 250 | _a1st ed. | ||
| 260 |
_aNew York : _bRandom House, _c2001. |
||
| 300 |
_axvii, 232 p. ; _c20 cm. |
||
| 504 | _aIncludes bibliographical references (p. [219]-232) | ||
| 650 | 0 |
_aComputer programming _xMoral and ethical aspects. |
|
| 650 | 0 | _aHackers. | |
| 650 | 0 | _aOpen source software. | |
| 856 | 4 | 2 |
_3Contributor biographical information _uhttp://www.loc.gov/catdir/bios/random052/00053354.html |
| 856 | 4 | 1 |
_3Sample text _uhttp://www.loc.gov/catdir/samples/random044/00053354.html |
| 906 |
_a7 _bcbc _corignew _d1 _eocip _f20 _gy-gencatlg |
||
| 942 |
_2ddc _cBK |
||